000
00265nam a22001217a 4500
008
170522b xxu||||| |||| 00| 0 eng d
041
_a
ALB
080
_a
94
100
_a
16
101
_a
SHH
245
_a
HISTORIA E LETERSIS SHQIPE
_c
SHALA.M
942
_2
udc
_c
BK
999
_c
13702
_d
13702